| 000 | 00473nam a2200157 i 4500 | ||
|---|---|---|---|
| 001 | bg | ||
| 100 | 1 | _aZAMKOWSKA, Stanisława | |
| 245 | 0 |
_aPodstawy ekonomiki transportu : _bprzewodnik metodyczny do ćwiczeń / _cStanisława Zamkowska, Marianna Jelonek-Kotorowska. |
|
| 260 |
_aKielce, _c1977. |
||
| 650 | 9 |
_aTransport _xekonomika |
|
| 700 | 1 | _aKOTOROWSKA JELONEK, Marianna | |
| 040 | _cBPK | ||
| 041 | _apol | ||
| 942 | _cKS | ||
| 008 | s pl f |000 0 pol | ||
| 999 |
_c17337 _d17337 |
||
| 856 |
_uhttp://koha.tu.koszalin.pl/cgi-bin/koha/opac-detail.pl?biblionumber=17337 _yKatalog online BPK |
||